Statistics for Geographic Groups of Four #2

Click here to take the quiz!

General Stats

  • This quiz has been taken 21,969 times
  • The average score is 32 of 48

Answer Stats

% Correct
Capitals of the countries of the U.K.London
99%
Majority German-speaking countriesGermany
96%
Capitals of the countries of the U.K.Edinburgh
89%
Seas bordering Turkey | Seas that border the most countriesMediterranean
89%
Majority German-speaking countriesAustria
88%
Major religions of Indian originHinduism
86%
Seas bordering TurkeyBlack
84%
Majority German-speaking countriesSwitzerland
84%
Countries starting with VVenezuela
84%
European island nationsMalta
83%
Capitals of the countries of the U.K.Belfast
81%
European island nationsIceland
81%
European island nationsUnited Kingdom
81%
Capitals of the countries of the U.K.Cardiff
79%
European island nationsIreland
79%
Countries starting with VVanuatu
77%
"New" U.S. statesNew York
76%
"New" U.S. statesNew Mexico
74%
River valleys with a civilization in 3000 B.C.Nile
73%
Metro areas of Texas with a population over 2 millionDallas / Fort Worth
73%
Majority German-speaking countriesLiechtenstein
71%
Countries starting with VVietnam
71%
"New" U.S. statesNew Jersey
71%
"New" U.S. statesNew Hampshire
71%
Metro areas of Texas with a population over 2 millionHouston
71%
Capitals on the DanubeBudapest
70%
Major religions of Indian originBuddhism
70%
Capitals on the DanubeVienna
67%
River valleys with a civilization in 3000 B.C.Tigris / Euphrates
65%
Countries starting with VVatican City
65%
Metro areas of Texas with a population over 2 millionAustin
63%
Atlantic provinces of CanadaNewfoundland and Labrador
60%
Seas bordering TurkeyAegean
56%
Metro areas of Texas with a population over 2 millionSan Antonio
49%
River valleys with a civilization in 3000 B.C.Yellow
49%
Capitals on the DanubeBratislava
48%
Seas that border the most countriesCaribbean
46%
Atlantic provinces of CanadaNova Scotia
45%
Capitals on the DanubeBelgrade
44%
Atlantic provinces of CanadaPrince Edward Island
44%
Major religions of Indian originSikhism
44%
River valleys with a civilization in 3000 B.C.Indus
43%
Seas that border the most countriesSouth China
36%
Seas that border the most countriesBaltic
36%
Atlantic provinces of CanadaNew Brunswick
34%
Major religions of Indian originJainism
24%
Seas bordering TurkeyMarmara
22%

Score Distribution

Percentile by Number Answered

Percent of People with Each Score

Your Score History

You have not taken this quiz